| 000 | 02536nam a2200349 i 4500 | ||
|---|---|---|---|
| 001 | 000048214 | ||
| 003 | DO-SdBNP | ||
| 005 | 20250717112846.0 | ||
| 007 | ta | ||
| 008 | 181206s2016 dr a r 000 0 spa d | ||
| 020 | _a9789945586756 | ||
| 040 |
_aDO-SdBNP _bspa _cBNPHU _erda |
||
| 041 | _aspa | ||
| 082 | 4 |
_axxx _bC343a _222 |
|
| 100 | 1 |
_aCassá, Roberto, _d1948- _eautor _4aut. _910888 |
|
| 245 | 1 | 0 |
_aAntes y después del 27 de febrero / _cRoberto Cassá ; cuidado de edición, Juan F. Domínguez Novas ; corrección, Ángela Peña. |
| 250 | _aPrimera edición | ||
| 264 | 4 |
_aSanto Domingo, República Dominicana : _bArchivo General de la Nación ; _bUniversidad Autónoma de Santo Domingo, _c©2016. |
|
| 300 |
_a320 páginas : _bilustraciones ; _c24 cm. |
||
| 336 |
_atexto _btxt _2rdacontent |
||
| 337 |
_asin mediación _bn _2rdamedia |
||
| 338 |
_avolumen _bnc _2rdacarrier |
||
| 490 | 0 |
_aArchivo General de la Nación ; _v278 |
|
| 500 | _aIncluye referencias bibliográficas y notas al pie de las páginas | ||
| 500 | _aIncluye datos biográficos del autor en la cubierta | ||
| 505 | _aPalabras preliminares / Ramón Rodríguez Espinal, 11.-- Preámbulo, 13.-- El problema en la historiografía, 25.-- El contexto histórico-social, 37.-- El escaso repertorio de fuentes, 41.-- Determinantes de los sujetos, 47.-- Naturaleza y evolución del régimen haitiano, 53.-- Implosión de las contradicciones, 93.-- Fundación de La Trinitaria, 99.-- Los dominicanos en La Reforma, 117.-- Ampliación popular del partido duartista, 123.-- Conflictos y tentativas de acuerdos, 127.-- Desarticulación de los trinitarios y Plan Levasseur, 139.-- Manifiesto del 16 de Enero y planeamiento de la Separación, 167.-- La noche culminante, 187.-- El conato de resistencia de libertos de la palma y otras reacciones, 197.-- Reconocimiento del Plan Levasseur, 205.-- Prioridad al apresto militar, 209.-- Caída de Hérard y ascenso de Guerrier, primer presidente de «raza negra», 217.-- Efectos de la llegada de Duarte, 245.-- Discurso de Bobadilla por el protectorado, 249.-- La poblada del 9 de junio, 255.-- Proclama de Duarte como presidente, 263.-- Reacción del Cuerpo del Sur, 269.-- Sometimiento del Cibao, 285.-- Deportación de los intransigentes, 289.-- Represión y memoria, 293.-- Dictadura política y étnica, 297. | ||
| 590 | _aInventariado, 2025 /LP | ||
| 700 | 1 |
_aDomínguez Novas, Juan F., _eedición _4ed. _986564 |
|
| 700 | 1 |
_aPeña, Ángela, _4corr. _ecorrección _937722 |
|
| 910 | _aLP | ||
| 942 |
_2ddc _cLBS1 |
||
| 999 |
_c59120 _d59120 |
||